000 01084nmm a2200289 a 4500
001 ocm000700707
003 TR-IsHL
005 20201028125211.0
008 110704s1982 tu tur
007 cr cn
035 _a700707
_b(N$T)
050 0 4 _aHC492
_b.Ö93 1982
090 0 4 _aHC492
_b.Ö93 1982
100 1 _aÖzdeğer, Hüseyin
245 1 0 _aTürk iktisat tarihi üzerine bir araştırma: XVI. yüzyıl tahrir defterlerine göre Antep'in soasyal ve ekonomik durumu
_h[electronic resource] /
_cHüseyin Özdeğer
250 _a1. bs.
260 _aİstanbul :
_bTürk Dünyası Araştırmaları Vakfı Yayınları,
_c1982
300 _a116 p.
650 4 _aEkonomi ve Finans
650 4 _aEconomics and Finance
650 0 _aEkonomi Politikası
_x Türkiye
650 0 _aEconomic Policy
_x Turkey
650 0 _aTürkiye
_x Ekonomik koşullar
650 0 _aTurkey
_x Economic conditions
650 7 _aBUSINESS & ECONOMICS / Economic Conditions
_2bisacsh
856 4 0 _uhttp://search.ebscohost.com/login.aspx?direct=true&scope=site&db=e011xww&AN=700707
999 _c3356
_d3356